书目信息 |
| 题名: |
柑橘橙柚病虫害诊断与防治原色图鉴
|
|
| 作者: | 吕佩珂 , 高振江 , 姚慧静 编著 | |
| 分册: | ||
| 出版信息: | 北京 化学工业出版社 2018 |
|
| 页数: | 244页 | |
| 开本: | 21cm | |
| 丛书名: | 现代果树病虫害诊治丛书 | |
| 单 册: | ||
| 中图分类: | S436.66-64 | |
| 科图分类: | ||
| 主题词: | 柑桔类--gan ju lei--病虫害防治--图集 | |
| 电子资源: | ||
| ISBN: | 978-7-122-31078-1 | |
| 000 | 01533nam 2200301 450 | |
| 001 | 012001002059 | |
| 005 | 20191122093037.50 | |
| 010 | @a978-7-122-31078-1@dCNY49.80 | |
| 099 | @aCAL 012018044164 | |
| 100 | @a20180424d2018 em y0chiy50 ea | |
| 101 | 0 | @achi |
| 102 | @aCN@b110000 | |
| 105 | @aa z 000yy | |
| 106 | @ar | |
| 200 | 1 | @a柑橘橙柚病虫害诊断与防治原色图鉴@Agan ju cheng you bing chong hai zhen duan yu fang zhi yuan se tu jian@9gan ju cheng you bing chong hai zhen duan yu fang zhi yuan se tu jian@f吕佩珂, 高振江, 姚慧静等编著 |
| 205 | @a第2版 | |
| 210 | @a北京@c化学工业出版社@d2018 | |
| 215 | @a244页@d21cm | |
| 225 | 2 | @a现代果树病虫害诊治丛书@Axian dai guo shu bing chong hai zhen zhi cong shu |
| 330 | @a本书围绕无公害果品生产和新产生的病害防治问题,针对制约我国果树产业升级、果品质量安全等问题,利用新技术、新方法,解决生产中的实际问题,涵盖了柑橘、橙、柚生产上所能遇到的大多数病虫害。本书图文结合介绍柑橘、橙、柚病害近六十种,虫害八十余种,本书图片包括病原、症状及害虫各阶段彩图,防治方法上将传统的防治方法与许多现代防治技术方法相结合,增加了植物生长调节剂调节大小年及落花落果,保证大幅增产等现代技术及新发病害防治与相关市场问题。附录中还有农药配制及使用基础知识。 | |
| 410 | 0 | @12001 @a现代果树病虫害诊治丛书 |
| 606 | 0 | @a柑桔类@Agan ju lei@x病虫害防治@j图集 |
| 690 | @aS436.66-64@v5 | |
| 701 | 0 | @a吕佩珂@Alv pei ke@4编著 |
| 701 | 0 | @a高振江@Agao zhen jiang@4编著 |
| 701 | 0 | @a姚慧静@Ayao hui jing@4编著 |
| 801 | 0 | @aCN@b北京卓展@c20191020 |
| 905 | @b1199520-3@dS436.66-64@e160=2@f4 | |
| 柑橘橙柚病虫害诊断与防治原色图鉴/吕佩珂, 高振江, 姚慧静等编著.-第2版.-北京:化学工业出版社,2018 |
| 244页;21cm.-(现代果树病虫害诊治丛书) |
| ISBN 978-7-122-31078-1:CNY49.80 |
| 本书围绕无公害果品生产和新产生的病害防治问题,针对制约我国果树产业升级、果品质量安全等问题,利用新技术、新方法,解决生产中的实际问题,涵盖了柑橘、橙、柚生产上所能遇到的大多数病虫害。本书图文结合介绍柑橘、橙、柚病害近六十种,虫害八十余种,本书图片包括病原、症状及害虫各阶段彩图,防治方法上将传统的防治方法与许多现代防治技术方法相结合,增加了植物生长调节剂调节大小年及落花落果,保证大幅增产等现代技术及新发病害防治与相关市场问题。附录中还有农药配制及使用基础知识。 |
| ● |
| 相关链接 |
|
|
|
|
正题名:柑橘橙柚病虫害诊断与防治原色图鉴
索取号:S436.66-64/160=2
 
预约/预借
| 序号 | 登录号 | 条形码 | 馆藏地/架位号 | 状态 | 备注 |
| 1 | 1199520 | 211995206 | 第二样本阅览室/ [索取号:S436.66-64/160=2] | 在馆 | |
| 2 | 1199521 | 211995215 | 第三借阅区/ [索取号:S436.66-64/160=2] | 在馆 | |
| 3 | 1199522 | 211995224 | 第三借阅区/ [索取号:S436.66-64/160=2] | 在馆 | |
| 4 | 1199523 | 211995233 | 第三借阅区/ [索取号:S436.66-64/160=2] | 在馆 |